000 00693nam a2200217Ii 4500
003 JO-AjNU
008 230606s9999||||xx |||||||||||||| ||und||
020 _a0-13-262163-0
040 _aJO-AjNU
_beng
_erda
_cJO-AjNU
041 _aeng
050 1 4 _aHF5657.4 .A84 1997
100 3 _aAtkinson,Anthony A / Banker,Rajiv D / Kaplan,Robert S / Young,S. Mark,
_eauthor
_93355
245 0 0 _aManagement Accounting
250 _a2 ed
264 3 1 _aNew Jersey: Prentice-Hall,1997
300 _a741p
_bIncludes glossary and indexes(P724-741)
336 _atext
_btxt
_2rdacontent
337 _aunmediated
_bn
_2rdamedia
338 _avolume
_bnc
_2rdacarrier
650 4 _aManagement Accounting
_93356
999 _aE1753
_c1753
_d1753